000 00811nam a22002897a 4500
001 BR7404973
003 BR-BrBNA
005 20230928084607.0
007 ta
008 230509b bl.||||| |||| 00| 0 por d
040 _aBR-BrBNA
_bpor
_cBiblioteca Nacional de Agricultura
041 _a(Por)
072 _aF10
_b/G514
090 _ F10 BR7404973
100 1 _aSerra, A.
110 1 _aConselho Nacional de Pesquisas, Rio de Janeiro, RJ (Brasil)
_92696
245 1 _aChuvas do Nordeste. Serie de Fortaleza. 3 Sequencias de Markhov [Brasil]
260 3 _aRio de Janeiro, RJ (Brasil):
_c1974.
300 _a30 p.
500 _a15 tables
650 _aMETEOROLOGIA
650 _aCHUVA
650 _aPLUVIOMETRIA
650 _aREGIAO NORDESTE
909 _a202309
_bLucia
_c55
_dLucia Elande
942 _cBK
999 _c19973
_d19973